Executive Branch of the United States - Statistics

General Stats
  • This quiz has been taken 6 times
  • The average score is 2 of 63
Answer Stats
Hint Answer % Correct
Cabinet Departments Department of Defense/War (DOD/DOW)
100%
Cabinet Departments Department of State (DOS)
25%
Cabinet Departments Department of the Treasury (Treasury)
25%
Federal Law Enforcement Agencies Bureau of Alcohol, Tobacco, Firearms and Explosives (ATF)
0%
Major Sub-Agencies Centers for Disease Control and Prevention (CDC)
0%
Major Independent Agencies Central Intelligence Agency (CIA)
0%
Federal Law Enforcement Agencies Coast Guard (USCG)
0%
Major Independent Agencies Commodity Futures Trading Commission (CFTC)
0%
Major Independent Agencies Consumer Financial Protection Bureau (CFPB)
0%
Executive Office of the President (EOP) Council of Economic Advisors (CEA)
0%
Federal Law Enforcement Agencies Customs and Border Protection (CBP)
0%
Major Sub-Agencies Cybersecurity & Infrastructure Security Agency (CISA)
0%
Cabinet Departments Department of Agriculture (USDA)
0%
Cabinet Departments Department of Commerce (DOC)
0%
Cabinet Departments Department of Education (ED)
0%
Cabinet Departments Department of Energy (DOE)
0%
Cabinet Departments Department of Health and Human Services (DHHS)
0%
Cabinet Departments Department of Homeland Security (DHS)
0%
Cabinet Departments Department of Housing and Urban Development (HUD)
0%
Cabinet Departments Department of Justice (DOJ)
0%
Cabinet Departments Department of Labor (DOL)
0%
Military Departments Department of the Air Force (DAF)
0%
Military Departments Department of the Army (DA)
0%
Cabinet Departments Department of the Interior (DOI)
0%
Military Departments Department of the Navy (DON)
0%
Cabinet Departments Department of Transportation (DOT)
0%
Cabinet Departments Department of Veterans Affairs (VA)
0%
Federal Law Enforcement Agencies Drug Enforcement Administration (DEA)
0%
Major Independent Agencies Environmental Protection Agency (EPA)
0%
Federal Law Enforcement Agencies Federal Bureau of Investigation (FBI)
0%
Federal Law Enforcement Agencies Federal Bureau of Prisons (BOP)
0%
Major Independent Agencies Federal Communications Commission (FCC)
0%
Major Independent Agencies Federal Deposit Insurance Corporation (FDIC)
0%
Major Independent Agencies Federal Election Commission (FEC)
0%
Major Sub-Agencies Federal Emergency Management Agency (FEMA)
0%
Major Independent Agencies Federal Energy Regulatory Commission (FERC)
0%
Federal Law Enforcement Agencies Federal Protective Service (FPS)
0%
Major Independent Agencies Federal Reserve System (the Fed)
0%
Major Independent Agencies Federal Trade Commission (FTC)
0%
Major Sub-Agencies Food and Drug Administration (FDA)
0%
Federal Law Enforcement Agencies Immigration and Customs Enforcement (ICE)
0%
Major Sub-Agencies Internal Revenue Service (IRS)
0%
Major Independent Agencies International Trade Commission (ITC)
0%
Federal Law Enforcement Agencies Marshals Service (USMS)
0%
Major Independent Agencies National Aeronautics and Space Administration (NASA)
0%
Major Independent Agencies National Railroad Passenger Corporation (Amtrak)
0%
Executive Office of the President (EOP) National Security Council (NSC)
0%
Major Independent Agencies National Transportation Safety Board (NTSB)
0%
Major Independent Agencies Nuclear Regulatory Commission (NRC)
0%
Major Sub-Agencies Occupational Safety and Health Administration (OSHA)
0%
Executive Office of the President (EOP) Office of Management and Budget (OMB)
0%
Executive Office of the President (EOP) Office of National Drug Control Policy (ONDCP)
0%
Executive Office of the President (EOP) Office of Science and Technology Policy (OSTP)
0%
Major Independent Agencies Office of Special Counsel (OSC)
0%
Executive Office of the President (EOP) Office of the United States Trade Representative (USTR)
0%
Major Sub-Agencies Patent and Trademark Office (USPTO)
0%
Major Independent Agencies Postal Service (USPS)
0%
Federal Law Enforcement Agencies Secret Service (USSS)
0%
Major Independent Agencies Securities and Exchange Commission (SEC)
0%
Major Independent Agencies Selective Service System (SSS)
0%
Major Independent Agencies Small Business Administration (SBA)
0%
Major Independent Agencies Social Security Administration (SSA)
0%
Federal Law Enforcement Agencies Transportation Security Administration (TSA)
0%
No matching quizzes found
Score Distribution
Percent of People with Each Score
Percentile by Number Answered
Your Score History
You have not taken this quiz